00834nam a22001815i 4500001000700000003000900007005001700016008004100033080001200074100003600086245022400122260014900346300003800495500002700533650002000560710003000580852004200610178714ES-MaACL20230906220605.0110613s1974 sp d |||| | spa d a613.6321 aAmorós Macau, José María.10aContribución al estudio médico sanitario y jurídico laboral de la intoxicación crónica por mercurio / cresumen de la tesis presentada para aspirar al grado de doctor en medicina por José Mª Amorós Macau. aBarcelona : bUniversidad de Barcelona, Secretariado de Publicaciones, Intercambio Científico y Extensión Universitaria : b[Ivern], c1974. a27 p. : bil. bl. y n. ; c24 cm. aCub. tomada como port. 4aIntoxicaciones.2 aUniversidad de Barcelona. aES-MaACLjE-15361 (117) xOlim P-1374